[Event "Petrov Memorial op"]
[Site "St Petersburg"]
[Date "2000.02.09"]
[Round "3"]
[White "Kazakov, Vladimir A"]
[Black "Ovod, Evgenija"]
[Result "0-1"]
[WhiteElo "2102"]
[BlackElo "2318"]
[PlyCount "108"]
[EventDate "2000.02.05"]
[EventType "swiss"]
[EventRounds "9"]
[EventCountry "RUS"]
[SourceTitle "CBM 076"]
[Source "ChessBase"]
[SourceDate "2000.05.31"]
[SourceVersion "1"]
[SourceVersionDate "2000.05.31"]
[SourceQuality "1"]

1. e4 c5 2. Nf3 e6 3. d4 cxd4 4. Nxd4 a6 5. c4 d6 6. Nc3 Nf6 7. Be2 Be7 8. 0-0 Qc7 9. Kh1 Nbd7 10. f4 0-0 11. b3 b5 12. Bf3 Bb7 13. Qe2 bxc4 14. bxc4 Rac8 15. Rb1 Ba8 16. Be3 Qxc4 17. Rfc1 Qxe2 18. Bxe2 Nxe4 19. Nxe4 Bxe4 20. Bxa6 Rxc1+ 21. Rxc1 Nc5 22. Bc4 Rb8 23. Nb5 h5 24. Kg1 d5 25. Be2 Nd3 26. Bxd3 Bxd3 27. Na7 Rb2 28. Nc6 Bf6 29. a4 Be4 30. Bf2 Ra2 31. a5 Kh7 32. Kf1 Kg6 33. h3 Kf5 34. g3 Bd3+ 35. Kg2 Bb5 36. Kf3 Bxc6 37. g4+ hxg4+ 38. hxg4+ Kg6 39. Rxc6 Ra3+ 40. Ke2 Rxa5 41. Rd6 Kh7 42. g5 Bb2 43. Kf3 Kg6 44. Kg4 Ra4 45. Bg3 Re4 46. Rb6 Bc1 47. Rc6 Be3 48. Rc7 Bxf4 49. Bxf4 e5 50. Rc6+ f6 51. gxf6 Rxf4+ 52. Kg3 gxf6 53. Rc8 Kf5 54. Rd8 d4 0-1